<?xml version="1.0" encoding="UTF-8"?>
<record
    xmlns:xsi="http://www.w3.org/2001/XMLSchema-instance"
    xsi:schemaLocation="http://www.loc.gov/MARC21/slim http://www.loc.gov/standards/marcxml/schema/MARC21slim.xsd"
    xmlns="http://www.loc.gov/MARC21/slim">

  <leader>03780cas a2200757 a 4500</leader>
  <controlfield tag="001">11315718</controlfield>
  <controlfield tag="005">20150515103907.0</controlfield>
  <controlfield tag="006">000</controlfield>
  <controlfield tag="007">000</controlfield>
  <controlfield tag="008">000</controlfield>
  <datafield tag="010" ind1=" " ind2=" ">
    <subfield code="a">   86645785 </subfield>
    <subfield code="z">sn 79004460 </subfield>
    <subfield code="z">sn 91012140 </subfield>
  </datafield>
  <datafield tag="016" ind1="7" ind2=" ">
    <subfield code="a">7503623</subfield>
    <subfield code="2">DNLM</subfield>
  </datafield>
  <datafield tag="016" ind1="7" ind2=" ">
    <subfield code="a">P13080000</subfield>
    <subfield code="2">DNLM</subfield>
  </datafield>
  <datafield tag="022" ind1=" " ind2=" ">
    <subfield code="a">0962-8436</subfield>
    <subfield code="y">0080-4622</subfield>
    <subfield code="y">1471-2970</subfield>
    <subfield code="2">z</subfield>
  </datafield>
  <datafield tag="030" ind1=" " ind2=" ">
    <subfield code="a">PTRBAE</subfield>
  </datafield>
  <datafield tag="035" ind1=" " ind2=" ">
    <subfield code="a">(OCoLC)ocm01403239 </subfield>
  </datafield>
  <datafield tag="040" ind1=" " ind2=" ">
    <subfield code="a">DLC</subfield>
    <subfield code="b">eng</subfield>
    <subfield code="c">DI</subfield>
    <subfield code="d">NIC</subfield>
    <subfield code="d">MH</subfield>
  </datafield>
  <datafield tag="042" ind1=" " ind2=" ">
    <subfield code="a">pcc</subfield>
    <subfield code="a">nsdp</subfield>
  </datafield>
  <datafield tag="043" ind1=" " ind2=" ">
    <subfield code="a">e-uk---</subfield>
  </datafield>
  <datafield tag="050" ind1="0" ind2="0">
    <subfield code="a">S612.2</subfield>
    <subfield code="b">.S36 1986</subfield>
  </datafield>
  <datafield tag="060" ind1="0" ind2="0">
    <subfield code="a">W1</subfield>
    <subfield code="b">PH606</subfield>
  </datafield>
  <datafield tag="070" ind1="0" ind2=" ">
    <subfield code="a">501</subfield>
    <subfield code="b">L84Pb</subfield>
  </datafield>
  <datafield tag="072" ind1=" " ind2="0">
    <subfield code="a">X300</subfield>
  </datafield>
  <datafield tag="210" ind1="0" ind2=" ">
    <subfield code="a">Philos. trans. - R. Soc., Biol. Sci.</subfield>
    <subfield code="b">(Print)</subfield>
  </datafield>
  <datafield tag="222" ind1=" " ind2="0">
    <subfield code="a">Philosophical transactions - Royal Society. Biological Sciences</subfield>
    <subfield code="b">(Print)</subfield>
  </datafield>
  <datafield tag="245" ind1="0" ind2="0">
    <subfield code="a">Philosophical transactions of the Royal Society of London.</subfield>
    <subfield code="n">Series B,</subfield>
    <subfield code="p">Biological sciences.</subfield>
  </datafield>
  <datafield tag="246" ind1="3" ind2="0">
    <subfield code="a">Biological sciences</subfield>
  </datafield>
  <datafield tag="246" ind1="1" ind2=" ">
    <subfield code="i">Issues for vol. 329, no. 1252- have also title:</subfield>
    <subfield code="a">Philosophical transactions.</subfield>
    <subfield code="p">Biological sciences</subfield>
  </datafield>
  <datafield tag="246" ind1="1" ind2=" ">
    <subfield code="i">Some issues have title:</subfield>
    <subfield code="a">Philosophical transactions of the Royal Society.</subfield>
    <subfield code="p">Biological sciences</subfield>
  </datafield>
  <datafield tag="246" ind1="1" ind2=" ">
    <subfield code="a">Philosophical transactions of the Royal Society.</subfield>
    <subfield code="n">B,</subfield>
    <subfield code="p">Biological sciences</subfield>
  </datafield>
  <datafield tag="246" ind1="1" ind2="7">
    <subfield code="a">Phil. Trans. R. Soc. Lon. B</subfield>
    <subfield code="f">&lt;29 Jan. 2000-29 Aug. 2000&gt;</subfield>
  </datafield>
  <datafield tag="246" ind1="1" ind2="7">
    <subfield code="a">Phil. Trans. R. Soc. Lond. B</subfield>
    <subfield code="f">&lt;29 Oct. 2003-&gt;</subfield>
  </datafield>
  <datafield tag="260" ind1=" " ind2=" ">
    <subfield code="a">London :</subfield>
    <subfield code="b">Royal Society,</subfield>
    <subfield code="c">1934-</subfield>
  </datafield>
  <datafield tag="300" ind1=" " ind2=" ">
    <subfield code="a">v. :</subfield>
    <subfield code="b">ill. ;</subfield>
    <subfield code="c">30 cm.</subfield>
  </datafield>
  <datafield tag="310" ind1=" " ind2=" ">
    <subfield code="a">Bimonthly,</subfield>
    <subfield code="b">2008-</subfield>
  </datafield>
  <datafield tag="321" ind1=" " ind2=" ">
    <subfield code="a">Irregular,</subfield>
    <subfield code="b">1934-1999</subfield>
  </datafield>
  <datafield tag="321" ind1=" " ind2=" ">
    <subfield code="a">Monthly,</subfield>
    <subfield code="b">2000-</subfield>
  </datafield>
  <datafield tag="362" ind1="0" ind2=" ">
    <subfield code="a">Vol. 224-</subfield>
  </datafield>
  <datafield tag="500" ind1=" " ind2=" ">
    <subfield code="a">Title varies slightly.</subfield>
  </datafield>
  <datafield tag="525" ind1=" " ind2=" ">
    <subfield code="a">Some numbers supplemented by microfiche.</subfield>
  </datafield>
  <datafield tag="555" ind1=" " ind2=" ">
    <subfield code="a">1931-1940 (includes vols. published under earlier title). 1 v.; (In: Index to the Proceedings of the Royal Society of London ... and to the Philosophical transactions of the Royal Society of London); 1941-1950. 1 v. (In: Index to the Proceedings, Philosophical transactions, and Obituary notices of the Royal Society of London); 1951-1960. 1 v.; 1961-1970. 1 v.; 1971-1980. 1 v. (In: Decennial index).</subfield>
  </datafield>
  <datafield tag="590" ind1=" " ind2=" ">
    <subfield code="a">SERBIB/SERLOC merged record</subfield>
  </datafield>
  <datafield tag="650" ind1=" " ind2="0">
    <subfield code="a">Biology</subfield>
    <subfield code="v">Periodicals.</subfield>
  </datafield>
  <datafield tag="650" ind1=" " ind2="0">
    <subfield code="a">Science</subfield>
    <subfield code="v">Periodicals.</subfield>
  </datafield>
  <datafield tag="650" ind1=" " ind2="0">
    <subfield code="a">Meteorology</subfield>
    <subfield code="z">Great Britain</subfield>
    <subfield code="v">Periodicals.</subfield>
  </datafield>
  <datafield tag="650" ind1=" " ind2="2">
    <subfield code="a">Biology</subfield>
    <subfield code="v">Periodicals.</subfield>
  </datafield>
  <datafield tag="650" ind1=" " ind2="7">
    <subfield code="a">Biology.</subfield>
    <subfield code="2">fast</subfield>
  </datafield>
  <datafield tag="650" ind1=" " ind2="7">
    <subfield code="a">Meteorology.</subfield>
    <subfield code="2">fast</subfield>
  </datafield>
  <datafield tag="650" ind1=" " ind2="7">
    <subfield code="a">Science.</subfield>
    <subfield code="2">fast</subfield>
  </datafield>
  <datafield tag="651" ind1=" " ind2="7">
    <subfield code="a">Great Britain.</subfield>
    <subfield code="2">fast</subfield>
  </datafield>
  <datafield tag="655" ind1=" " ind2="7">
    <subfield code="a">Periodicals.</subfield>
    <subfield code="2">fast</subfield>
  </datafield>
  <datafield tag="710" ind1="2" ind2=" ">
    <subfield code="a">Royal Society (Great Britain),</subfield>
    <subfield code="e">issuing body.</subfield>
  </datafield>
  <datafield tag="776" ind1="0" ind2="8">
    <subfield code="i">Online version:</subfield>
    <subfield code="t">Philosophical transactions of the Royal Society of London. Series B, Biological sciences (Online)</subfield>
    <subfield code="w">(DLC)   00227004</subfield>
    <subfield code="w">(OCoLC)43473894</subfield>
  </datafield>
  <datafield tag="776" ind1="0" ind2="8">
    <subfield code="i">Online version:</subfield>
    <subfield code="t">Philosophical transactions. Biological sciences</subfield>
    <subfield code="x">1471-2970</subfield>
    <subfield code="w">(DLC)   00227025</subfield>
    <subfield code="w">(OCoLC)44150838</subfield>
  </datafield>
  <datafield tag="780" ind1="0" ind2="0">
    <subfield code="t">Philosophical transactions of the Royal Society of London. Series B, Containing papers of a biological character</subfield>
    <subfield code="w">(DLC)   86645780</subfield>
    <subfield code="w">(OCoLC)4286288</subfield>
  </datafield>
  <datafield tag="787" ind1="0" ind2=" ">
    <subfield code="t">Index to the Proceedings of the Royal Society of London ... and to the Philosophical transactions of the Royal Society of London</subfield>
    <subfield code="w">(DLC)sn 92028134</subfield>
    <subfield code="w">(OCoLC)8968201</subfield>
  </datafield>
  <datafield tag="787" ind1="0" ind2=" ">
    <subfield code="t">Index to the Proceedings, Philosophical transactions, and Obituary notices of the Royal Society of London</subfield>
    <subfield code="w">(DLC)sn 92028136</subfield>
    <subfield code="w">(OCoLC)8503814</subfield>
  </datafield>
  <datafield tag="787" ind1="0" ind2=" ">
    <subfield code="t">Decennial index ...</subfield>
    <subfield code="w">(DLC)   83640591</subfield>
    <subfield code="w">(OCoLC)5635569</subfield>
  </datafield>
  <datafield tag="906" ind1=" " ind2=" ">
    <subfield code="a">7</subfield>
    <subfield code="b">cbc</subfield>
    <subfield code="c">serials</subfield>
    <subfield code="d">3</subfield>
    <subfield code="e">ncip</subfield>
    <subfield code="f">19</subfield>
    <subfield code="g">n-oclcserc</subfield>
  </datafield>
  <datafield tag="942" ind1=" " ind2=" ">
    <subfield code="2">lcc</subfield>
    <subfield code="c">LL</subfield>
  </datafield>
  <datafield tag="999" ind1=" " ind2=" ">
    <subfield code="c">3423</subfield>
    <subfield code="d">3423</subfield>
  </datafield>
  <datafield tag="952" ind1=" " ind2=" ">
    <subfield code="0">0</subfield>
    <subfield code="1">0</subfield>
    <subfield code="2">lcc</subfield>
    <subfield code="4">0</subfield>
    <subfield code="7">0</subfield>
    <subfield code="a">UOE</subfield>
    <subfield code="b">UOE</subfield>
    <subfield code="c">GEN</subfield>
    <subfield code="d">2015-03-30</subfield>
    <subfield code="l">0</subfield>
    <subfield code="o">S612.2 .S36 1986</subfield>
    <subfield code="p">10062059</subfield>
    <subfield code="r">2026-04-27 12:02:07</subfield>
    <subfield code="t">10062059</subfield>
    <subfield code="w">2015-03-30</subfield>
    <subfield code="y">LL</subfield>
  </datafield>
  <datafield tag="952" ind1=" " ind2=" ">
    <subfield code="0">0</subfield>
    <subfield code="1">0</subfield>
    <subfield code="2">lcc</subfield>
    <subfield code="4">0</subfield>
    <subfield code="7">0</subfield>
    <subfield code="a">UOE</subfield>
    <subfield code="b">UOE</subfield>
    <subfield code="c">GEN</subfield>
    <subfield code="d">2015-03-30</subfield>
    <subfield code="l">0</subfield>
    <subfield code="o">S612.2 .S36 1986</subfield>
    <subfield code="p">10062550</subfield>
    <subfield code="r">2026-04-27 12:02:07</subfield>
    <subfield code="t">10062550</subfield>
    <subfield code="w">2015-03-30</subfield>
    <subfield code="y">LL</subfield>
  </datafield>
</record>
